Descubre la naturaleza : Barcelona es mucho más = Discover the nature : Barcelona is much more Barcelona es mucho más = Discover the nature :
Descripción Física:
[22] p. : il. ; 24 cm
MARC
| LEADER | 00000nam a2200000Ia 4500 | ||
|---|---|---|---|
| 001 | 23918 | ||
| 008 | 160829s2013 xx 000 0 cat d | ||
| 080 | |a FU-63-11 | ||
| 245 | |a Descubre la naturaleza : |b Barcelona es mucho más = Discover the nature : |b Barcelona is much more | ||
| 260 | |a Barcelona : |b Diputació de Barcelona, |c 2013 | ||
| 300 | |a [22] p. : |b il. ; |c 24 cm | ||
| 590 | |a Text bilingüe castellà-anglès. Hi ha un altre exemplar en francès amb R. 23919 i en català amb R. 23917 | ||
| 650 | |a Natura |9 49600 | ||
| 651 | 0 | |a Barcelona (Catalunya : Província) |x Descripcions i viatges |9 52924 | |
| 710 | 1 | |a Barcelona (Catalunya : Província). |b Diputació |9 52408 | |
| 856 | |u barcelonaesmuchomas.com | ||
| 901 | |a Arxiu | ||
| 942 | |n 1 | ||
| 952 | |0 0 |1 0 |4 0 |6 FU6311 |7 1 |9 55485 |a Arxiu |b Arxiu |d 2016-12-01 |l 0 |o FU-63-11 |p 23918 |r 2016-12-01 00:00:00 |w 2016-12-01 |y ARXIU | ||
| 999 | |c 59358 |d 59358 | ||